=LDR 00000nam 2200000 4500 =001 INLIS000000000043546 =005 20131008103420 =008 ***********************************ind** =035 ##$$0010-101300000001468 =041 ##$$a ind =082 ##$$a 808.301 =090 ##$$a 808.301, Ram s =100 ##$$a Rampan, Korrie Layun =245 ##$$a Sayu, Korrie Layun Rampan; editor A Amobimo Nusantra =260 ##$$a 2004 $b Jakarta =300 ##$$a vii, 133 hlm, ilus, 20 cm =650 ##$$a CERITA PENDEK =700 ##$$a Nusantara, A Amobimo =850 ##$$a NBPNMAT =990 ##$$a 0001/BPAP-NTB/20142014 =990 ##$$a 0001/BPAP-NTB/20142014